00731nam a2200253 a 4500001001300000003000900013005001700022008004100039020001000080082002300090100002400113245002900137260003100166300000800197500003500205505001300240650002700253650002200280700002400302902000800326942000700334952012300341999001300464nice12345678IN_TiNIC20260116011307.0050524s1945 laha grp 000 0 eng  ac10000a323.39710954bAHM1 aAhmad, Jamil-Ud-Din aSome Aspects of Pakistan aLahorebAshraf Pressc1945 a28p aincludes index and biblioraphy2 aAppendix aMuslims-India-Politics aPakistan-Movement1 aAhmad, Jamil-Ud-Din bSRS cBK 001040708StackRoom-aHMIbHMId2008-03-07g100.00l0o323.39710954 AHM1p00982r2008-03-07v100.00w2005-05-24yBK c241d241